Thư viện, cuộc sống tự nhiên: Sa mạc

Αποθηκεύτηκε σε:
Λεπτομέρειες βιβλιογραφικής εγγραφής
Μορφή: Βιβλίο
Ετικέτες: Προσθήκη ετικέτας
Δεν υπάρχουν, Καταχωρήστε ετικέτα πρώτοι!
Thư viện lưu trữ: Mạng thư viện Đại học Đà Nẵng
LEADER 00420nam a22001691a 4500
001 000039742
003 16037
005 20160412022641.0
008 160412s0 000
082 |a 4N(TK)361 
245 |a Thư viện, cuộc sống tự nhiên: Sa mạc 
OWN |a LNN 
999 |a From the UDN01 
TYP |a Monograph 
980 |a Mạng thư viện Đại học Đà Nẵng